000 00986nam a22002537a 4500
999 _c969
_d969
003 AR-CdUCM
008 190226b ||||| |||| 00| 0 spa d
040 _aMUNICIPALIDAD PROVINCIAL DEL CUSCO
_cBIBLIOTECA MUNICIPAL DEL CUSCO
041 _hfre
082 _a944 /
_bL38
100 _aLefebvre, Georges
_93777
245 _aLa Revolución Francesa y el Imperio (1787-1815) /
260 _aMéxico :
_bFondo de Cultura Económica ;
_c1960.
300 _a294 páginas
_bmapas
_c17cm
440 _aBreviarios
_n151
_93778
505 _aFrancia en vísperas de la Revolución -- La Revolución y el fin del antiguo régimen (1787-1791) -- La caída de la realeza. Girondinos y Montañeses (1791-1794) -- El Consulado -- El Imperio Francés en 1812
650 _arevolución
_93779
650 _aFrancia
_91444
650 _aNapoleón
_91841
650 _arevolución popular
_93780
650 _arevolución aristocrática
_93781
942 _2ddc
_cLIBROS
945 _anom
_d2019-02-26